=LDR 00000nam 2200000 4500 =001 INLIS000000000012283 =005 20130612103821 =008 ***********************************Ind** =035 ##$$0010-061300000012283 =041 ##$$a Ind =082 ##$$a 579 =090 ##$$a 579, Juh d =100 ##$$a Juhanda, Tatang =245 ##$$a Dunia Ikan, Tatang Juhanda =260 ##$$a 1981 $b Bandung =300 ##$$a 191 hlm., Ilus, 21 cm =650 ##$$a Ikan =850 ##$$a NBPNMAT